Quiz o Google - Statystyki

Ogólne statystyki
  • Ten quiz został rozwiązany 19 razy
  • Średni wynik to 3 z 6
Statystyki odpowiedzi
Hint Odpowiedź % Poprawnych
Państwo ,w którym powstał USA / Stany Zjednoczone
100%
Data załozenia 1998
91%
Pierwszy oddział w Polsce (rok) 2005
64%
Usługi od Google Gmail / YouTube / Drive / Maps / Meet / Calendar / Photos / Translate / Earth
36%
System operacyjny Google Android
27%
Załozyciel Lary Page
9%
Nie znaleziono quizów pasujących do podanych kryteriów
Rozkład punktacji
Procent ludzi z każdym wynikiem
Percentyl według liczby udzielonych odpowiedzi
Twoja historia wyników
Nie rozwiązałeś tego quizu